| 000 | 00000nam 2200000zi 4500 |
| 001 | 9.871045 |
| 003 | CaOODSP |
| 005 | 20221107163303 |
| 006 | m o d f |
| 007 | cr ||||||||||| |
| 008 | 190403t20192019onca #o f000 0 eng d |
| 020 | |a9780660303918 |
| 040 | |aCaOODSP|beng|erda|cCaOODSP |
| 043 | |an-cn--- |
| 086 | 1 |aFA1-27/2019-1-5E-PDF |
| 110 | 1 |aCanada. |bOffice of the Auditor General. |
| 245 | 10|aEquipping officers of the Royal Canadian Mounted Police. |
| 264 | 1|a[Ottawa] : |bOffice of the Auditor General of Canada = Bureau du vérificateur général du Canada, |c2019. |
| 264 | 4|c©2019 |
| 300 | |a1 online resource (iii, 21 pages) : |billustrations. |
| 336 | |atext|btxt|2rdacontent |
| 337 | |acomputer|bc|2rdamedia |
| 338 | |aonline resource|bcr|2rdacarrier |
| 490 | 1 |aReports of the Auditor General of Canada to the Parliament of Canada, |x2561-343X ; |vSpring 2019, report 5 |
| 500 | |aIssued also in HTML format. |
| 500 | |aIssued also in French under title: Équiper les agentes et agents de la Gendarmerie royale du Canada. |
| 520 | |a"This audit focused on whether the RCMP provided its officers with hard body armour and semi-automatic weapons called carbines. A key use for this equipment is to protect officers in active shooter situations. The audit also looked at officer training on the use of carbines and pistols and at the maintenance of those firearms"--Focus of the audit, page 1. |
| 530 | |aIssued also in printed form. |
| 692 | 07|2gccst|aPolice services |
| 692 | 07|2gccst|aEquipment |
| 692 | 07|2gccst|aAudit |
| 775 | 08|tÉquiper les agentes et agents de la Gendarmerie royale du Canada.|w(CaOODSP)9.871156 |
| 776 | 0#|tEquipping officers of the Royal Canadian Mounted Police.|w(CaOODSP)9.871150 |
| 830 | #0|aReports of the Auditor General of Canada to the Parliament of Canada,|x2561-343X ; |vSpring 2019, report 5.|w(CaOODSP)9.846691 |
| 856 | 40|qPDF|s1.23 MB|uhttps://publications.gc.ca/collections/collection_2019/bvg-oag/FA1-27-2019-1-5-eng.pdf |
| 856 | 4 |qHTML|sN/A|uhttp://www.oag-bvg.gc.ca/internet/English/parl_oag_201905_05_e_43342.html |